Grundzüge der paläontologie (paläozoologie), (Record no. 26333)

MARC details
000 -LEADER
fixed length control field 00832cam a22002411 4500
001 - CONTROL NUMBER
control field gs 24000215
003 - CONTROL NUMBER IDENTIFIER
control field DLC
005 - DATE AND TIME OF LATEST TRANSACTION
control field 20260227111328.0
008 - FIXED-LENGTH DATA ELEMENTS--GENERAL INFORMATION
fixed length control field 810925m19249999gw b 000 0 ger c
010 ## - LIBRARY OF CONGRESS CONTROL NUMBER
LC control number gs 24000215
035 ## - SYSTEM CONTROL NUMBER
System control number (OCoLC)7791241
040 ## - CATALOGING SOURCE
Original cataloging agency Library, U. S. Geological Survey
Transcribing agency NBuU
Modifying agency OCoLC
-- DLC
042 ## - AUTHENTICATION CODE
Authentication code premarc
050 00 - LIBRARY OF CONGRESS CALL NUMBER
Classification number QE713
Item number .Z78 1924
100 1# - MAIN ENTRY--PERSONAL NAME
Personal name Zittel, Karl Alfred von,
Dates associated with a name 1839-1904.
245 10 - TITLE STATEMENT
Title Grundzüge der paläontologie (paläozoologie),
Statement of responsibility, etc. von Karl A. von Zittel. Neubearb. von dr. Ferdinand Broili.
250 ## - EDITION STATEMENT
Edition statement 6. verb. und verm. aufl.
260 ## - PUBLICATION, DISTRIBUTION, ETC.
Place of publication, distribution, etc. München,
-- Berlin,
Name of publisher, distributor, etc. Druck und verlag von R. Oldenbourg,
Date of publication, distribution, etc. 1924-
300 ## - PHYSICAL DESCRIPTION
Extent v.
Other physical details illus., fold. tab.
Dimensions 25 cm.
504 ## - BIBLIOGRAPHY, ETC. NOTE
Bibliography, etc. note Bibliographical references.
650 #0 - SUBJECT ADDED ENTRY--TOPICAL TERM
Topical term or geographic name entry element Paleontology.
700 1# - ADDED ENTRY--PERSONAL NAME
Personal name Broili, Ferdinand,
Dates associated with a name 1874-
Relator term ed.

No items available.

Powered by Koha